00877nam a2200193 i 4500001000700000003000700007005001700014008004100031245011300072250001200185260008400197300002600281500003300307650004600340700005000386852010500436999001900541952012300560188030SpMaBN20230906223103.0180412s1925 sp |||| | spa d00aTextos y ejercicios para el estudio de la literatura / canotados por José Rogerio Sánchez [y García]. a2ª ed. aMadrid : bLib. de los Sucesores de Hernando, c1925 (fImp. de la Enseñanza) a415, VI p. ; c20 cm. aÍndice de autores u obras. aLiteratura-xHistoria y crítica.9144891 aSánchez, José Rogerio,d1876-19499102387 aES-MaACLjL-31916 z- Enc. cart. z. - Donat. herederos de la bibl. de Mª del Pilar Costa Palacín c188030d188030 00104070aATENEOMbATENEOMcDEPO2d2018-04-12eDONl0oL-31916p1198696r2023-02-23 00:00:00w2023-02-23yMONOGRAFIA